[Event "Norm Congress-IM 2018"]
[Site "Saint Louis"]
[Date "2018.02.10"]
[Round "5"]
[White "Zhou, Qiyu"]
[Black "Grabinsky, Aaron"]
[Result "1/2-1/2"]
[WhiteElo "2230"]
[BlackElo "2388"]
[Annotator "TA"]
[PlyCount "146"]
[EventDate "2018.??.??"]
[EventType "schev"]
[EventCountry "USA"]
[SourceTitle "playchess.com"]
[Source "ChessBase"]
[SourceQuality "1"]

{[%evp 17,146,29,31,25,49,33,79,57,51,43,103,93,95,91,110,110,110,110,110,110,110,110,133,105,120,106,112,106,118,96,94,85,85,30,50,52,75,35,61,18,58,6,18,0,24,-59,0,0,0,-192,-181,-183,-112,-116,-102,-102,-94,-194,-17,-54,-54,-54,-54,-54,-54,-61,-5,-5,-5,-54,-59,-54,-13,-56,-10,-42,-42,-68,-68,-72,-72,-69,0,0,0,0,0,0,2,0,0,0,0,0,0,0,0,0,0,0,0,0,120,0,0,0,0,0,0,0,0,0,0,0,0,0,0,0,6,0,104,104,104,0,0,0,0,0,104,104,113]} 1. e4 c6 2. d4 d5 3. e5 Bf5 4. Nf3 e6 5. Be2 Ne7 6. O-O Nd7 7. Nbd2 Bg6 {B12: Caro-Kann (Vorstoß-Variante)} (7... h6 8. Nb3 g5 9. Ne1 Qc7 10. Nd3 b6 11. Be3 Bg7 12. f4 c5 13. dxc5 gxf4 14. cxb6 axb6 15. Bxf4 {½-½ (32) Dominguez Perez,L (2729)-Ding,L (2755) Tsaghkadzor 2015}) 8. Nb3 Nc8 9. a4 Be7 {LiveBook: 3 Partien. Weiß hat minimalen Vorteil.} 10. Ne1 O-O 11. f4 $146 ({Vorgänger:} 11. Nd3 Ncb6 12. Nf4 c5 13. c3 cxd4 14. Nxg6 hxg6 15. cxd4 {1-0 (74) Lazov,T (2176)-Andonovski,L (2280) Skopje 2015}) 11... f6 12. Bg4 Bf7 13. a5 a6 (13... c5 $14) 14. Be3 Na7 15. Nd3 f5 16. Be2 Nb5 17. c3 Rc8 18. Kh1 Kh8 19. Rg1 Rg8 20. Qf1 Nc7 21. Nd2 Qf8 22. b4 Qe8 23. Qd1 Nb5 24. Qc2 Bh5 25. Bf3 (25. Nf3 $16) 25... Bxf3 26. Nxf3 Qh5 27. Bd2 h6 28. Qd1 g5 29. Nfe1 (29. fxg5 $14 hxg5 30. g3) 29... Qf7 30. Nc2 Nf8 31. g4 (31. g3 $11) 31... Nh7 (31... fxg4 $15 32. Qxg4 h5) 32. Qf3 $11 gxf4 33. Bxf4 $2 (33. Qxf4 $11 {und Weiss ist OK.} Bg5 34. Qf2) 33... fxg4 $19 34. Rxg4 Nxc3 ({Günstiger ist} 34... Rxg4 $19 35. Qxg4 Rg8) 35. Rag1 $17 Ng5 36. Qg2 Qh7 37. h4 (37. Nce1 $17) 37... Nf7 $2 (37... h5 $19 38. Rg3 Nge4 39. Rxg8+ Rxg8 40. Qxg8+ Qxg8 41. Rxg8+ Kxg8) 38. Rxg8+ Rxg8 39. Qxg8+ Qxg8 40. Rxg8+ Kxg8 41. h5 Na4 (41... Ng5 $15) 42. Kg2 $11 Ng5 43. Bc1 Kg7 44. Nf4 Bd8 45. Kf1 Kf7 46. Nd3 Ne4 47. Bxh6 Ng3+ 48. Kg2 Nxh5 49. Kf3 Nc3 (49... Be7 $15) 50. Nc5 b6 51. axb6 Bxb6 52. Nxa6 Ba7 53. Nc7 Bb6 54. Na6 Nb5 55. Nc5 Kg6 56. Bf8 Kf7 57. Bh6 Kg6 58. Bf8 Bxc5 59. bxc5 {[%mdl 4096] Endspiel KLS-KSS} Kf5 {[#]} (59... Kg5 $11) 60. Bh6 ({Der einzige Zug:} 60. Nb4 $1 $16) 60... Kg6 61. Bf8 Kg5 62. Ke3 Ng3 63. Be7+ Kg4 {Droht ...Sf5+ und aus.} 64. Kd3 Kf3 65. Bg5 Nf5 66. Bc1 Ng3 67. Be3 Nf1 68. Bc1 Nh2 (68... Ng3 $11) 69. Nb4 $16 Na7 {[#]} 70. Bd2 ({Lieber} 70. Na6 $1 $16) 70... Ng4 $11 71. Be1 Ne3 72. Na6 {Schwarz muss nun Sc7 beachten.} Ng2 (72... Nb5 $11 {hält das Gleichgewicht.}) 73. Bd2 $16 Nb5 {Precision: Weiß = 46%, Schwarz = 48%.} 1/2-1/2

[Event "Norm Congress-IM 2018"]
[Site "Saint Louis"]
[Date "2018.02.10"]
[Round "5"]
[White "Turgut, Tansel"]
[Black "Stearman, Josiah"]
[Result "1-0"]
[WhiteElo "2224"]
[BlackElo "2335"]
[Annotator "TA"]
[PlyCount "69"]
[EventDate "2018.??.??"]
[EventType "schev"]
[EventCountry "USA"]
[SourceTitle "playchess.com"]
[Source "ChessBase"]
[SourceQuality "1"]

{[%evp 17,69,9,87,12,20,3,112,64,222,179,443,373,349,187,288,170,170,165,168,122,251,117,117,117,124,117,148,149,168,158,189,149,144,114,112,104,175,179,160,175,196,183,214,214,293,289,297,289,372,238,520,514,795,765]} 1. d4 d5 2. Bf4 Nf6 3. e3 c5 4. c3 Nc6 5. Nd2 Qb6 (5... Bf5 6. Ngf3 e6 7. Be2 Bd6 8. dxc5 Bxc5 9. Nd4 Bg6 10. Qa4 O-O 11. Nxc6 bxc6 12. Qxc6 Rc8 13. Qa4 Re8 14. O-O e5 {0-1 (57) Le,Q (2737)-Ding,L (2777) Riadh 2017}) 6. Qb3 {D00: 1 d4 d5: Unusual lines} c4 7. Qc2 Nh5 8. Bg3 Nxg3 9. hxg3 e5 {[#] LiveBook: 4 Games} (9... g6 $11) 10. dxe5 (10. e4 $1 $16 {[%cal Re4d5]} Bf5 11. exf5 exd4 12. Ngf3) 10... Nxe5 $11 11. Ngf3 Ng6 $146 (11... Ng4 $11 {remains equal.}) ({Predecessor:} 11... Nxf3+ 12. Nxf3 g6 {½-½ (46) Pakleza,Z (2498)-Sveshnikov,E (2502) Bratto 2014}) 12. O-O-O Qa5 $2 (12... Bg4 $14) 13. e4 {Strongly threatening exd5.} dxe4 $2 (13... Qxa2 14. exd5 Qa1+ 15. Nb1 Bd6) 14. Qxe4+ Be7 15. Bxc4 (15. Nxc4 $142 Qxa2 16. Nd6+ Kf8 17. Bc4 Qa1+ 18. Kc2 Qa4+ 19. Kb1 Bxd6 20. Rxd6) 15... Bf5 (15... Qf5 $142 16. Qe3 O-O) 16. Rh5 (16. Qxb7 $142 O-O 17. Nd4) 16... Bxe4 $18 17. Rxa5 Bc6 18. Ne5 b6 (18... Nxe5 $16 {is a better defense.} 19. Rxe5 Kf8) 19. Nxg6 ({Don't play} 19. Nxc6 $6 bxa5 20. f4 (20. Nxa5 O-O $14) 20... Bf6 $16) (19. Bxf7+ $18 Kf8 20. Nxc6 bxa5 21. Bd5) 19... hxg6 $16 20. Bd5 Bxd5 21. Rxd5 O-O 22. Rd7 Bg5 23. f4 Bf6 24. Ne4 Rfe8 25. Nxf6+ gxf6 {[%mdl 4096] Endgame KRR-KRR} 26. Kd2 a5 (26... Kg7 $16) 27. Re1 $18 Rxe1 28. Kxe1 {KR-KR} Re8+ {[#]} 29. Kd2 $1 Re6 30. a4 f5 31. Kd3 Kf8 32. Rb7 Ke8 33. b4 axb4 $2 (33... f6 {was worth a try.} 34. b5 Rd6+ 35. Ke3 Re6+ 36. Kd3 Rd6+ 37. Kc2 g5) 34. cxb4 f6 (34... Rc6 $142 35. Kd4 Kf8) 35. Kc4 {Precision: White = 41%, Black = 10%.} 1-0

[Event "Norm Congress-IM 2018"]
[Site "Saint Louis"]
[Date "2018.02.10"]
[Round "5"]
[White "Colas, Joshua"]
[Black "Wang, Justin"]
[Result "1/2-1/2"]
[WhiteElo "2207"]
[BlackElo "2368"]
[Annotator "TA"]
[PlyCount "107"]
[EventDate "2018.??.??"]
[EventType "schev"]
[EventCountry "USA"]
[SourceTitle "playchess.com"]
[Source "ChessBase"]
[SourceQuality "1"]

{[%evp 20,107,6,-6,16,17,45,45,48,46,43,56,46,24,29,32,32,27,24,20,21,21,20,5,5,0,25,0,0,0,0,0,0,0,0,0,0,0,0,0,0,0,0,0,0,0,0,0,0,-22,0,0,0,0,0,0,0,0,0,0,0,0,0,0,0,0,0,0,0,0,0,0,0,0,0,0,0,0,0,0,0,0,0,0,0,0,0,0,0,0]} 1. d4 Nf6 2. Nf3 e6 3. Bg5 c5 4. e3 Nc6 5. c3 d5 6. Nbd2 h6 7. Bh4 Be7 8. Bd3 O-O 9. O-O b6 10. Qe2 Bb7 11. Rad1 {LiveBook: 12 Games} Re8 {D03: 1 d4 d5 2 Nf3 Nf6 3 Bg5, including Torre Attack with early ...d5} (11... Nh5 12. Bxe7 Qxe7 13. Ne5 Nf6 14. f4 Rac8 15. Rf3 Ne4 16. Bxe4 dxe4 17. Rf2 Rfd8 18. Qe1 f6 19. Nxc6 Bxc6 {0-1 (38) Harika,D (2507)-Muzychuk,A (2560) Khanty-Mansiysk 2014}) 12. Ne5 Nxe5 13. dxe5 Nd7 {White is slightly better.} 14. Bxe7 $146 ({Predecessor:} 14. Bg3 f5 15. exf6 Bxf6 16. e4 Qc8 17. e5 Be7 18. Qg4 Nf8 19. f4 {1-0 (53) Barnstedt,D (2009)-Gradl,R (1716) Dresden 2000}) 14... Qxe7 15. f4 a5 16. e4 c4 17. Bc2 Qc5+ 18. Kh1 Rad8 19. exd5 Bxd5 20. Ne4 Bxe4 21. Qxe4 {[#] Black must now prevent Qh7+.} Nf8 22. h3 Rd5 23. Rd4 b5 {The position is equal.} 24. a4 Red8 {[%cal Rd5d4]} 25. Rxd5 Rxd5 26. axb5 Qxb5 27. Qe2 g6 28. Be4 Rd8 29. h4 h5 30. Rf2 Qa4 31. Kh2 Kg7 32. Rf3 Qd1 33. Rf2 Qc1 34. Kg3 Rb8 35. Qd2 Qa1 36. Kh2 Rb6 37. f5 exf5 38. Qd4 Re6 39. Bd5 Qe1 40. Bxe6 Nxe6 $11 {[%mdl 4096] Endgame KQR-KQN} 41. Qd2 $1 {[%cal Rd2e1]} Qxe5+ 42. g3 Qc7 43. Qd5 Kh7 44. Rd2 f4 45. Qd6 {[#] Qxc7 is the strong threat.} Qb7 46. Qd7 fxg3+ 47. Kxg3 Qb8+ $1 48. Qd6 Qa7 {Strongly threatening ...Qe3+.} 49. Rf2 Qe3+ 50. Kg2 Qe4+ 51. Kg1 Qe1+ 52. Kg2 Qe4+ 53. Kg1 Qe1+ 54. Kg2 {Precision: White = 80%, Black = 82%.} 1/2-1/2

[Event "Norm Congress-IM 2018"]
[Site "Saint Louis"]
[Date "2018.02.11"]
[Round "6"]
[White "Grabinsky, Aaron"]
[Black "Matsenko, Sergei"]
[Result "1/2-1/2"]
[WhiteElo "2388"]
[BlackElo "2561"]
[Annotator "TA"]
[PlyCount "168"]
[EventDate "2018.??.??"]
[EventType "schev"]
[EventCountry "USA"]
[SourceTitle "playchess.com"]
[Source "ChessBase"]
[SourceQuality "1"]

{[%evp 14,168,25,18,36,31,37,2,34,11,33,0,3,-10,-10,-10,-10,-13,-12,-15,-15,-13,-3,-12,-11,-25,-2,-15,0,0,0,0,0,-9,0,0,335,328,932,629,932,919,919,910,897,857,765,725,824,473,474,177,177,177,175,166,220,224,244,243,303,303,385,286,700,683,669,656,791,780,686,726,818,806,667,638,820,820,757,440,440,440,440,440,427,318,394,0,394,0,347,347,347,347,442,399,399,347,347,347,346,318,318,318,318,117,399,399,399,399,399,402,553,525,473,473,466,462,388,383,366,0,0,0,0,0,0,0,0,0,0,0,0,0,0,0,0,0,0,0,0,0,0,0,0,0,0,0,0,0,0,0,0,0,0,0,0]} 1. e4 {[%cal Be2e4,Be4e5][%mdl 32]} e6 2. d4 d5 3. Nc3 Nc6 {[%cal Bb8c6,Bc6b4,Bb4d3][%mdl 32]} 4. Nf3 Nf6 5. Bd3 Nb4 (5... Bb4 6. Bg5 dxe4 7. Bxe4 Ne7 8. Bd3 Ned5 9. O-O Nxc3 10. bxc3 Bxc3 11. Rb1 h6 12. Bh4 c6 13. Rb3 Bxd4 14. Bc4 {1-0 (26) Caruana,F (2791)-Jobava,B (2713) Dubai 2014}) 6. e5 {C10: Französische Verteidigung (Rubinstein-Variante)} Nxd3+ 7. Qxd3 Nd7 8. Bg5 {LiveBook: 4 Partien. Weiß hat minimalen Vorteil.} Be7 $1 {[%cal Re7g5]} 9. Bxe7 Qxe7 10. O-O a6 $146 ({Vorgänger:} 10... O-O 11. Nb5 Nb8 12. c4 a6 13. Nc3 dxc4 14. Qxc4 {½-½ (25) Ragger,M (2518)-Galyas,M (2454) Germany 2008}) 11. Ne2 c5 12. c3 b6 13. Rfe1 a5 14. Ng3 Ba6 15. Qd2 O-O 16. h4 Rfc8 17. Nh5 Rc7 18. g3 Rac8 19. Rac1 h6 20. a3 cxd4 21. cxd4 $40 {[%mdl 128] Weiss startet einen Angriff.} Nf8 22. Nh2 Ng6 23. Kg2 Qd8 24. Ng4 Nxh4+ $2 {[%mdl 8192]} (24... Qf8 $11 {und Schwarz muss sich keine Sorgen machen.}) 25. gxh4 $18 Qxh4 $2 {[#]} (25... Rxc1 26. Ngf6+ (26. Rxc1 Qxh4 27. Rxc8+ Bxc8 $16) 26... Kf8 27. Rxc1 Rxc1) 26. Ngf6+ $1 {[%mdl 512]} gxf6 27. Nxf6+ Kf8 28. Rxc7 $1 Rxc7 29. Re3 $1 Ke7 {[#]} 30. Rg3 $1 h5 31. Qh6 {jetzt Df8+! und aus.} Rc8 32. Rg4 $2 ({Auf keinen Fall} 32. Nxd5+ Kd7 $18) (32. Rg7 {Beabsichtigt Txf7+! und Matt.} Bf1+ 33. Kxf1 Qh1+ 34. Rg1 Qh3+ 35. Ke2) 32... Qxg4+ 33. Nxg4 hxg4 {[%mdl 4096] Endspiel KD-KTL} 34. Qg5+ Kd7 (34... Kf8 $142 35. Qd2 (35. Qxg4 Rc2 $16) 35... Bc4) 35. Qd2 {[%mdl 1024] Weiss hat starke Kompensation.} ({Viel schwächer ist} 35. Qxg4 $6 Bd3 $16) 35... Bb5 36. b3 Rh8 37. a4 Bc6 {Wenn Schwarz jetzt Zeit für ...Th3 hätte...} 38. Qf4 Ke8 $2 (38... Rf8 39. Qxg4 b5) 39. Qc1 Kd7 40. Qa3 {Droht Dd6+ und aus.} Kc8 41. Qd6 Kb7 42. Qe7+ Kc8 43. Qa7 Rh3 44. Qxb6 Bb7 45. b4 axb4 46. a5 b3 47. a6 Bxa6 48. Qxa6+ {KD-KT} Kd7 49. Qe2 Rf3 50. Qd1 $2 (50. Qd2 $18) 50... Ke7 $2 {[%mdl 8192]} (50... Kc6 $1 $11) 51. Kf1 $2 (51. Qd2 $18) 51... Kf8 $2 {[%mdl 8192]} (51... b2 $11 52. Qc2 g3 53. Qc5+ Kd8 54. Qb6+ Kc8) 52. Ke2 Rc3 53. Qb1 Rc2+ 54. Ke1 Rc3 55. Qb2 Rf3 56. Qd2 Rh3 57. Qb4+ Kg7 {Und weiter mit ...g3 wäre nett.} 58. Kd2 Rf3 59. Kc1 $2 (59. Ke2 $18 {ist der präzise Gewinnweg.}) 59... Kg6 $2 {[%mdl 8192]} (59... Rxf2 $16 {war einen Versuch wert.} 60. Qxb3 Rf3) 60. Qd2 Kh5 61. Kb2 Kg6 62. Ka3 Kh5 63. Kb4 Kg6 64. Kc5 Kf5 65. Qe2 Kg5 66. Kd6 Kh4 {[#]} 67. Ke7 $2 (67. Qe1 $1 $18) 67... Kh3 $1 $11 {Die Stellung ist ausgeglichen.} 68. Kf8 Kg2 69. Kg7 b2 70. Qxb2 {Droht stark De2.} Rxf2 71. Qc1 g3 72. Qe3 Kh2 73. Qh6+ Kg1 74. Qc1+ Rf1 75. Qe3+ Kh2 76. Qh6+ Kg1 77. Qe3+ Kg2 78. Qe2+ Rf2 79. Qe3 Rf5 80. Qd2+ Kh3 81. Qh6+ Kg4 82. Qd2 Kh4 83. Qe1 Kg4 84. Qd1+ Kh3 {Precision: Weiß = 56%, Schwarz = 51%.} 1/2-1/2

[Event "Norm Congress-IM 2018"]
[Site "Saint Louis"]
[Date "2018.02.11"]
[Round "6"]
[White "Torres Rosas, Luis Carlos"]
[Black "Banawa, Joel"]
[Result "0-1"]
[WhiteElo "2370"]
[BlackElo "2401"]
[Annotator "TA"]
[PlyCount "54"]
[EventDate "2018.??.??"]
[EventType "schev"]
[EventCountry "USA"]
[SourceTitle "playchess.com"]
[Source "ChessBase"]
[SourceQuality "1"]

{[%evp 20,54,17,9,20,16,10,0,0,0,0,-2,0,10,0,-9,-2,-23,-35,-70,-50,-47,-22,-42,-27,-61,-58,-58,-63,-145,-153,-131,-62,-169,-159,-408,-406]} 1. d4 Nf6 2. c4 e6 3. Nc3 Bb4 4. Nf3 b6 5. e3 Bb7 6. Bd3 O-O 7. O-O d5 8. cxd5 exd5 9. a3 Bd6 10. b4 a6 {E52: Nimzo-Indian: Rubinstein: 4...0-0 5 Nf3 d5 6 Bd3 b6} (10... Nbd7 11. Qb3 a6 12. a4 Qe7 13. Rb1 c6 14. a5 Rfb8 15. axb6 Bc8 16. Qc2 Nxb6 17. e4 dxe4 18. Nxe4 Nxe4 19. Bxe4 h6 {1-0 (30) Mamedyarov,S (2772)-Adams,M (2747) Moscow 2017}) 11. Ne5 {LiveBook: 7 Games} Ne4 12. Bb2 $146 ({Find the theoretical novelty and annotate with similar games:} 12. Qb3 Nxc3 13. Qxc3 Qe7 14. f4 Nd7 15. Bd2 Nf6 16. a4 Ne4 17. Bxe4 dxe4 18. b5 {0-1 (53) Raffalt,M (2260)-Horvath,S (2320) Austria 1995}) 12... Nd7 {The position is equal.} 13. Ne2 Re8 {[%cal Rd7e5]} 14. f3 {Hoping for Nxd7.} Nef6 {[%cal Rd7e5]} 15. f4 Ne4 16. Bxe4 dxe4 17. Qb3 Qe7 18. Nxd7 Qxd7 19. d5 Bf8 20. Nc3 Rad8 {[%cal Rb7d5]} 21. Rfd1 c6 {[%cal Rc6d5]} 22. Rd2 cxd5 23. Rad1 {[%cal Rc3d5]} Qe6 $1 24. Nxd5 (24. Ne2 $15) 24... Rxd5 $17 25. Rxd5 f6 $1 {Threatens to win with ...Rd8!} 26. f5 {[#]} (26. Qc4 $1 $15 Rd8 27. Rxd8 Qxc4 28. Rc1) 26... Qf7 $1 $19 {[%mdl 1024] Black has strong compensation.} 27. R1d2 $2 {[#]} (27. Qc4 $17 Rd8 28. Rxd8 Qxc4 29. Rc1) 27... Rd8 $1 {[%mdl 512] Precision: White = 27%, Black = 84%.} 0-1

[Event "Norm Congress-IM 2018"]
[Site "Saint Louis"]
[Date "2018.02.11"]
[Round "6"]
[White "Wang, Justin"]
[Black "Turgut, Tansel"]
[Result "1-0"]
[WhiteElo "2368"]
[BlackElo "2224"]
[Annotator "TA"]
[PlyCount "57"]
[EventDate "2018.??.??"]
[EventType "schev"]
[EventCountry "USA"]
[SourceTitle "playchess.com"]
[Source "ChessBase"]
[SourceQuality "1"]

{[%evp 14,57,59,45,54,7,51,4,113,84,118,90,85,62,66,65,53,66,70,64,104,95,133,153,280,284,286,273,512,237,210,227,237,179,572,572,544,554,1029,757,1023,1016,979,975,912,892]} 1. e4 e5 2. Nf3 Nc6 3. Bb5 a6 4. Ba4 d6 5. c3 Bd7 6. d4 Nge7 7. Be3 h6 {C75: Ruy Lopez: Deferred Steinitz: 5 c3 Bd7 6 d4 without ...g6} 8. Nbd2 {LiveBook: 8 Games} g6 9. h4 Bg7 {The position is equal.} 10. h5 Bg4 $146 (10... exd4 $11 {keeps the balance.} 11. cxd4 g5) ({Predecessor:} 10... g5 11. d5 Nb8 12. Bxd7+ Qxd7 13. c4 c6 14. Qb3 O-O 15. O-O-O {1-0 (63) Klenburg,M (2437)-Korobov,A (2623) Pardubice 2009}) 11. hxg6 fxg6 12. dxe5 dxe5 13. Qe2 Qd6 14. Nc4 Qe6 {With the idea ...b5.} 15. Bb3 Qf6 $1 16. O-O-O Rd8 17. Rd2 Rxd2 18. Qxd2 b5 {[#]} (18... Nc8 $16) 19. Ncxe5 $1 $18 {[%mdl 512]} Nxe5 20. Nxe5 Be6 $2 (20... Qxe5 {is a better defense.} 21. Bd4 Qd6) 21. Rd1 $40 {[%mdl 128] Black is in trouble.} (21. f4 $142) 21... Qxe5 22. Bd4 Qd6 {[#] And now ...Bxd4 would win.} 23. Bxe6 Qxe6 $2 (23... Bxd4 {is tougher.} 24. Qxd4 Qxd4 25. Rxd4 (25. cxd4 Nc6 $18) 25... Rf8) 24. Bxg7 {Strongly threatening Qd8+.White is clearly winning.} Rg8 25. Bxh6 Qxa2 26. Qd7+ Kf7 27. Rd3 {[%cal Rd3f3]} Qa1+ 28. Kc2 {[%cal Rd3f3]} Qa4+ 29. Kd2 {Precision: White = 41%, Black = 28%.} 1-0

[Event "Norm Congress-IM 2018"]
[Site "Saint Louis"]
[Date "2018.02.11"]
[Round "6"]
[White "Stearman, Josiah"]
[Black "Jacobson, Brandon"]
[Result "1-0"]
[WhiteElo "2335"]
[BlackElo "2351"]
[Annotator "TA"]
[PlyCount "179"]
[EventDate "2018.??.??"]
[EventType "schev"]
[EventCountry "USA"]
[SourceTitle "playchess.com"]
[Source "ChessBase"]
[SourceQuality "1"]

{[%evp 17,179,-15,0,-47,-41,-40,-40,-37,-43,-60,-42,-56,-48,-54,-62,-66,-8,-126,-21,-54,-30,-17,0,0,44,44,44,43,40,47,34,36,32,8,8,8,85,64,230,224,446,274,29987,786,704,472,638,638,638,638,623,618,559,305,373,373,371,366,365,365,342,235,384,375,348,317,427,274,274,260,260,259,259,251,251,211,473,460,442,416,627,627,943,953,977,968,1119,1119,1002,801,765,718,616,363,720,718,652,577,483,427,1119,1119,1119,1057,864,864,539,367,843,763,12620,11441,1606,366,12800,12792,12481,12413,8913,9909,8323,7824,7166,5509,12603,7575,8089,7575,4918,1059,29973,29974,29977,29978,29978,29978,29983,29984,29984,29985,29983,29983,29982,29983,29983,29984,29986,29987,29987,29986,29986,29984,29984,29982,29985,29986,29987,29980,29992,29993,29996,29997,29997,29998]} 1. e4 c5 2. Nc3 d6 3. Nge2 Nc6 4. d4 cxd4 5. Nxd4 Nf6 6. Be2 e5 7. Nb3 Be7 8. O-O O-O 9. Bg5 Be6 {LiveBook: 8 Partien. B59: Sizilianisch (Boleslawski-Variante)} 10. Nd2 $146 {[#]} ({Vorgänger:} 10. Qd3 a5 {½-½ (10) Visakh,N (2470)-Mchedlishvili,M (2602) Poti 2017}) 10... Nxe4 $1 {[%mdl 512]} 11. Ndxe4 {Und Lxe7 würde nun gewinnen.} (11. Ncxe4 Bxg5) 11... Bxg5 {Schwarz steht etwas besser.} 12. Nxg5 Qxg5 13. Qxd6 Rfd8 14. Qc5 $1 Nd4 {Und weiter mit ...Lh3 wäre nett.} 15. f4 $1 {[%cal Rf4g5]} Nxe2+ 16. Nxe2 Qg4 ({Günstiger ist} 16... Qg6 $1 $15 17. Rad1 h6) 17. Qxe5 {[#]} (17. Rae1 $11) 17... f6 (17... Bc4 $1 $17 18. Nd4 Re8) 18. h3 {zielt auf De3 ab.} fxe5 19. hxg4 Bc4 20. Rf2 e4 {Droht stark ...e3.} 21. Re1 e3 22. Rf3 Rd2 $1 23. Rxe3 Rxc2 24. b3 $36 {[%mdl 2048] Weiss hat gut koordiniertes Spiel.} Bf7 25. f5 Rxa2 26. Nf4 h6 (26... Rb2 $11) 27. Re7 h5 $2 (27... Rd2 $1 $14) 28. g5 $18 ({Schwächer ist} 28. Rxb7 hxg4 29. Kh2 Ra5 $14) (28. Nxh5 $6 Bxh5 29. gxh5 Rf8 $16) (28. gxh5 $6 Ra5 $16) 28... Rf8 $2 (28... Ra5 {war nötig.}) 29. Rxb7 Bxb3 $2 (29... Ra5 $18 30. g6 Rxf5 31. gxf7+ R8xf7) 30. Rxb3 (30. Ree7 $142 Bf7 31. g6 Ra1+ 32. Kh2 Ra6 33. Rxf7 Rxf7 34. gxf7+ Kf8 35. Ng6+ Rxg6 36. fxg6) 30... Rxf5 31. Ne6 {Beabsichtigt g6 und Matt.} Rff2 32. Rb8+ Kh7 33. Nf8+ Kg8 34. Ng6+ Kh7 35. Nh4 Rf4 {[#]} 36. Rh8+ $1 {[%mdl 512]} Kxh8 {[%mdl 4096] Endspiel KTT-KTS} 37. Ng6+ Kh7 38. Nxf4 {KTS-KT} Ra5 39. Nh3 ({Finger weg von} 39. Nxh5 Kg6 $18) 39... Kg6 (39... Rc5 $142 40. Re6 a5) 40. Re6+ Kf5 41. Re7 g6 42. Rf7+ Kg4 43. Rf4+ Kg3 44. Rf3+ Kg4 45. Kh2 {[%csl Gh3][%cal Rf3f4]} h4 46. Rc3 Ra2 $2 (46... Kh5 47. Rc7 Ra1) 47. Rc5 Ra4 48. Ng1 a5 (48... Re4 $142 49. Ra5 Re7) 49. Nf3 h3 50. Ne5+ Kxg5 51. Kxh3 Ra3+ 52. g3 {[%csl Gh3][%cal Re5g4]} Kh6 53. Kg4 Ra4+ 54. Nc4 Rb4 55. Kf3 a4 $2 (55... Rb3+ 56. Ne3 Ra3) 56. Ne5 Rb3+ 57. Kg4 Rb4+ 58. Kh3 Re4 (58... Kg7 $142 59. Ra5 Rd4 60. Ra7+ Kf6) 59. Ra5 Rd4 60. Ng4+ Kg7 61. Ra7+ Kf8 62. Kh4 a3 $2 (62... Rb4 63. Kh3 Re4) 63. Rxa3 Kf7 64. Ra7+ Ke6 65. Kg5 $2 (65. Ra5 Ke7 66. Ra7+ Ke6 67. Rg7) 65... Rd3 $2 (65... Rd5+ 66. Kf4 (66. Kxg6 Rd3 $18) 66... Rf5+ 67. Ke4 Rg5 68. Ra6+ Ke7) 66. Ra6+ Ke7 67. Kh4 g5+ 68. Kh3 Rd2 69. Ra5 Ke6 70. Rxg5 Rd8 71. Re5+ Kf7 72. Ne3 Kf6 73. Re4 Rh8+ 74. Kg4 {Weiß setzt Matt.} Rg8+ 75. Kf4 Rf8 76. g4 {[%cal Bg3g4,Bg4g5,Bg5g6][%mdl 32]} Ra8 77. g5+ Kg6 78. Re6+ Kf7 79. Rb6 Ra4+ 80. Ke5 Ra5+ {[#]} 81. Nd5 $1 Ra1 82. g6+ Kg7 83. Nf4 Ra5+ 84. Ke4 Ra4+ 85. Kf3 Ra3+ 86. Kg4 Ra1 87. Rb7+ Kg8 88. Kg5 Ra8 89. Nd5 Ra5 90. Kh6 {Precision: Weiß = 60%, Schwarz = 26%.} 1-0